000 00533cam a2200181 4500
001 2832
005 20181127165902.0
008 110829s2013 nju 000 0 eng
010 _a 2011036274
020 _a8131506797
020 _a9788131506790
100 1 _aDaft, Richard L.
245 1 0 _aOrganizational theory, change, and design /
_cRichard L. Daft.
260 _aUpper Saddle River, NJ :
_bCengage Learning,
_c2004.
300 _a510 p.
650 0 _aOrganizational behavior
_vCase studies.
650 0 _aOrganizational behavior.
999 _c2268
_d2268